000 00892nam a2200265 i 4500
003 DO-SdBNP
005 20250721091252.0
007 ta
008 250721b1995 dr ||||| |||| 00| 0 spa d
040 _aDO-SdBNP
_bspa
_cBNPHU
_erda
041 _aspa
082 4 _axxx
_bL789n
_222
100 _aLizardo Lasocé, Luis,
_eautor
_4aut.
_957958
245 1 3 _aEl niño de sierra /
_cLuis Lizardo Lasocé ; edición, Luis Lizardo, Eduardo Melo ; corrección, Sergio Reyes II
264 _aSanto Domingo :
_bEdiciones Lizardo-Melo,
_c1995
336 _atexto
_btxt
_2rdacontent
337 _asin mediación
_bn
_2rdamedia
338 _avolumen
_bnc
_2rdacarrier
590 _aInventariado, 2025/BT
700 1 _aLizardo, Luis,
_eeditor
_4ed.
_957943
700 1 _aMelo, Eduardo,
_eeditor
_4ed.
_988396
700 1 _aReyes II, Sergio,
_ecorrector
_4corr.
_988397
910 _aBtavárez
942 _2ddc
_cLBS1
999 _c59583
_d59583